| 000 | 00722nam a2200241Ia 4500 | ||
|---|---|---|---|
| 005 | 20240316100300.0 | ||
| 008 | 131103s9999 xx 000 0 und d | ||
| 020 |
_a8170417317 (Set) _crs. 4000 (set) |
||
| 040 | _aLoreto College | ||
| 041 | _aEnglish | ||
| 082 |
_a375 _bVAS |
||
| 245 |
_aPerspectives in Curriculum Development vol 5, _cEdited by S.R.Vashist |
||
| 250 | _a historical development of curriculum | ||
| 260 |
_aNew delhi _bAnmol Publications _c1993 |
||
| 300 | _a5 v. | ||
| 504 | _av1: The theory of curriculum | ||
| 630 | _aHistorical Development of curriculum | ||
| 650 | _aCurricula | ||
| 651 | _aCurriculum Development | ||
| 700 | _aVashist, S.R., ed | ||
| 850 | _aLCLIB | ||
| 942 | _cBK | ||
| 999 |
_c2578 _d53057 |
||